000 01601namaa2200349 i 4500
003 EG-GICUC
005 20260408135112.0
008 260408s1996 su ap||jr|||| 001 0 ara d
017 _a16 / 0804
_bمكتبة الملك فهد الوطنية (السعودية)
020 _a9960804216
040 _aEG-GiCUC
_bara
_cEG-GiCUC
_dEG-GiCUC
_erda
082 0 4 _221
_a243
_bK452a
092 0 4 _221
_a243
_bK452a
099 _a243 K452a
100 1 _aالخلال، احمد بن محمد
_d-923
_eمؤلف.
245 1 _aأهل الملل والردة والزنادقة وتارك الصلاة والفرائض من كتاب الجامع/
_cللخلال أبى بكر أحمد بن محمد بن هارون بن يزيد البغدادى الحنبلى ؛ تحقيق الدكتور ابراهيم بن حمد السلطان.
250 _aالطبعة الاولى
264 _aالرياض (السعودية) :
_bمكتبة المعارف للنشر والتوزيع،
_c1996.
300 _aمجلد 2 :
_bإيضاحيات، مثيليات ؛
_c25 سم
336 _2rdacontent
_atext
337 _2rdamedia
_aUnmediated
338 _2rdacarrier
_avolume
504 _aيشتمل على ارجاعات ببليوجرافية وفهارس.
541 _aد. جابر عصفور ؛
_bالقاهرة ؛
_cإهداء ؛
_d2024.
650 1 7 _aالردة
_2qrmak
650 1 7 _aاهل الذمة
_2qrmak
650 1 7 _aالفقة الاسلامى
_xمذاهب
_2qrmak
651 1 _2qrmak
700 1 _aالسلطان، ابراهيم بن حمد
_eمحقق.
905 _aAya
942 _2ddc
_cBK
_e21
_n0
999 _c179311
_d179311